000 00552nam a2200169Ia 4500
003 OSt
005 20200707094254.0
008 190216s9999||||xx |||||||||||||| ||und||
040 _coclc
082 _a973
_bBAI/G
100 _aBailyn, Bernard
_93579
245 4 _aThe Great Republic A History Of The American People /
_cBernard Bailyn ; John L Thomas ; Gordon S Wood
250 _a2nd Ed.
260 _bOxford And Ibh Publishing Co. Pvt Ltd,
_c1977.
_aNew Delhi:
300 _a932p
942 _cBK
_2ddc
_h973
_iBAI/G
_k973
_mBAI/G
999 _c19620
_d19620